000 00584nam a22001817a 4500
999 _c172839
_d172839
005 20200213144353.0
010 _aENG-127733
020 _c150.00
_a9789388927437
035 _aEN-111265
037 _bDBAD/PUB
082 _a883.08
100 _aSarvaiya,Priyaba
245 _aComparative study of Regionalism in the works of R.K. Narayan and zaverchand Meghani/
_cby Priyaba Sarvaiya
260 _aAhmedabad
_c2019
_bVedant Publication
270 _aRajkot, Ahmedabad, Surat
_e360001
_bAhmedabad
300 _a154p.
_b21cm(pbk)
942 _2ddc
_cEN
_h883.08
_mPRI